| 000 | 00333cam a22001217a 4500 | ||
|---|---|---|---|
| 008 | 180718b1944 xxu||||| |||| 00| 0 eng d | ||
| 082 | _aC0x54 C832a | ||
| 100 | _aCoupland, Reginald | ||
| 245 |
_aThe furute of India _cby Reginald Coupland |
||
| 260 |
_aMadras _bOUP _c1944 |
||
| 300 | _a208p. | ||
| 650 | _aConstitutional History - India | ||
| 999 |
_c363336 _d363336 |
||